Hurricane - Hasta La Vista lyrics - Statistics

General Stats
  • This quiz has been taken 4 times
  • The average score is 139 of 325
Answer Stats
Answer % Correct
A
100%
a
100%
baby
100%
baby,
100%
Hasta
100%
i
100%
la
100%
la,
100%
O
100%
u
100%
U
100%
vista,
100%
vista
100%
Ma,
75%
crazy
50%
mi
50%
si
50%
što
50%
to
50%
yeah
50%
Al'
25%
but
25%
cute
25%
da,
25%
da
25%
dam
25%
dan,
25%
dan
25%
dopala
25%
dosadno
25%
dva,
25%
hvala
25%
ili
25%
Imam
25%
imam,
25%
imam
25%
Imam,
25%
ja
25%
Jasno
25%
jasno,
25%
jasno
25%
je
25%
Jedan,
25%
kao
25%
Kaži
25%
kraj
25%
kraj,
25%
ljubavi
25%
ludila
25%
Mada
25%
malo
25%
milom
25%
mnom
25%
moj
25%
na
25%
Na
25%
nemam
25%
nikad
25%
nisam
25%
njom,
25%
njom
25%
novi
25%
obodima
25%
Odbrojano
25%
Opet
25%
opet,
25%
opet
25%
Ostaćemo
25%
ostavi
25%
Pa
25%
pala
25%
plan,
25%
plan
25%
pogrešnu
25%
ponekad
25%
psycho
25%
Ruke
25%
sa
25%
Sada
25%
sam
25%
se
25%
silom
25%
sna
25%
sorry
25%
sujeta
25%
sviram
25%
takvog
25%
te
25%
tebe
25%
ti
25%
Ti
25%
Tišina
25%
tri
25%
ubija
25%
uvis
25%
vezi
25%
volela
25%
Zbog
25%
želim
25%
znaj
25%
znak
25%
bez
0%
biraš
0%
kad
0%
Kad
0%
nek'
0%
nije
0%
Nije
0%
obrne
0%
ovo
0%
pogleda
0%
Praznih
0%
sebi
0%
srca
0%
svet
0%
uvek
0%
uzmi
0%
No matching quizzes found
Score Distribution
Percent of People with Each Score
Percentile by Number Answered
Your Score History
You have not taken this quiz